<?xml version="1.0" encoding="UTF-8"?>
<record
    xmlns:xsi="http://www.w3.org/2001/XMLSchema-instance"
    xsi:schemaLocation="http://www.loc.gov/MARC21/slim http://www.loc.gov/standards/marcxml/schema/MARC21slim.xsd"
    xmlns="http://www.loc.gov/MARC21/slim">

  <leader>00383    a2200109   4500</leader>
  <controlfield tag="001">ART_28304</controlfield>
  <controlfield tag="005">20260410161854.0</controlfield>
  <controlfield tag="008">260409a                                 </controlfield>
  <datafield tag="245" ind1="1" ind2="0">
    <subfield code="a">A veinte a&#xF1;os de la Reforma Constitucional Nacional</subfield>
  </datafield>
  <datafield tag="100" ind1="1" ind2=" ">
    <subfield code="a">Rosatti, Horacio</subfield>
  </datafield>
  <datafield tag="773" ind1="0" ind2=" ">
    <subfield code="t">Derecho p&#xFA;blico</subfield>
    <subfield code="g">A 20 a&#xF1;os de la Reforma Constitucional de 1994 - A&#xF1;o III, N&#xBA; 9 (ene. 2015)</subfield>
    <subfield code="w">REV10451</subfield>
  </datafield>
  <datafield tag="999" ind1=" " ind2=" ">
    <subfield code="c">25272</subfield>
    <subfield code="d">25272</subfield>
  </datafield>
</record>
